La nación imperial : (Record n. 11238)
[ formato base ]
| 000 -LEADER | |
|---|---|
| fixed length control field | 01167nam a2200301 i 4500 |
| 003 - CONTROL NUMBER IDENTIFIER | |
| control field | IT-RoINE |
| 005 - DATE AND TIME OF LATEST TRANSACTION | |
| control field | 20190614084826.0 |
| 008 - FIXED-LENGTH DATA ELEMENTS--GENERAL INFORMATION | |
| fixed length control field | 150630s2015 sp a r 001 | spa d |
| 020 ## - INTERNATIONAL STANDARD BOOK NUMBER | |
| International Standard Book Number | 9788435026413 (obra completa) |
| 040 ## - CATALOGING SOURCE | |
| Original cataloging agency | SpMaBN |
| Transcribing agency | SpMaBN IT-RoINE |
| 100 1# - MAIN ENTRY--PERSONAL NAME | |
| Personal name | Fradera, Josep Maria |
| 9 (RLIN) | 17190 |
| 245 13 - TITLE STATEMENT | |
| Title | La nación imperial : |
| Remainder of title | derechos, representación y ciudadanía en los imperios de Gran Bretaña, Francia, España y Estados Unidos (1750-1918) / |
| Statement of responsibility, etc | Josep M. Fradera. |
| 260 ## - PUBLICATION, DISTRIBUTION, ETC. (IMPRINT) | |
| Place of publication, distribution, etc | Barcelona : |
| Name of publisher, distributor, etc | Edhasa, |
| Date of publication, distribution, etc | 2015. |
| 300 ## - PHYSICAL DESCRIPTION | |
| Extent | 2 v. (XLV, 1376 p., [16] p. de lám.) : |
| Other physical details | il. col. ; |
| Dimensions | 23 cm. |
| 336 ## - CONTENT TYPE | |
| Content type term | Texto (visual) |
| Source | isbdcontent |
| 337 ## - MEDIA TYPE | |
| Source | rdamedia |
| Media type term | unmediated |
| 338 ## - CARRIER TYPE | |
| Source | rdacarrier |
| Carrier type term | volume |
| 490 1# - SERIES STATEMENT | |
| Series statement | Ensayo histórico |
| 504 ## - BIBLIOGRAPHY, ETC. NOTE | |
| Bibliography, etc | Incluye referencias bibliográficas e índice. |
| 651 #4 - SUBJECT ADDED ENTRY--GEOGRAPHIC NAME | |
| Geographic name | Gran Bretaña |
| General subdivision | Colonias |
| 9 (RLIN) | 22976 |
| 651 #4 - SUBJECT ADDED ENTRY--GEOGRAPHIC NAME | |
| Geographic name | Francia |
| General subdivision | Colonias |
| 9 (RLIN) | 22977 |
| 651 #4 - SUBJECT ADDED ENTRY--GEOGRAPHIC NAME | |
| Geographic name | España |
| General subdivision | Colonias |
| -- | Historia |
| 9 (RLIN) | 12641 |
| 651 #4 - SUBJECT ADDED ENTRY--GEOGRAPHIC NAME | |
| Geographic name | Estados Unidos |
| General subdivision | Colonias |
| 9 (RLIN) | 22978 |
| 650 #4 - SUBJECT ADDED ENTRY--TOPICAL TERM | |
| 9 (RLIN) | 22975 |
| Topical term or geographic name as entry element | Imperialismo |
| General subdivision | Historia |
| Form subdivision | Historia |
| 650 #7 - SUBJECT ADDED ENTRY--TOPICAL TERM | |
| 9 (RLIN) | 22974 |
| Topical term or geographic name as entry element | Derechos políticos |
| Form subdivision | Historia |
| 830 #1 - SERIES ADDED ENTRY--UNIFORM TITLE | |
| 9 (RLIN) | 18464 |
| Uniform title | Ensayo histórico (Edhasa) |
| 942 ## - ADDED ENTRY ELEMENTS (KOHA) | |
| Item type | Monografías |
| Withdrawn status | Lost status | Damaged status | Not for loan | Home library | Current library | Date acquired | Total Checkouts | Full call number | Barcode | Date last seen | Price effective from | Koha item type | Public note |
|---|---|---|---|---|---|---|---|---|---|---|---|---|---|
| Iglesia Nacional Española en Roma | Iglesia Nacional Española en Roma | 22/03/2016 | HIS.ESP.3. 720.1 | 22815 | 22/03/2016 | 22/03/2016 | Monografías | v. 1 | |||||
| Iglesia Nacional Española en Roma | Iglesia Nacional Española en Roma | 22/03/2016 | HIS.ESP.3. 720.2 | 22816 | 22/03/2016 | 22/03/2016 | Monografías | v. 2 |